<?xml version='1.0' encoding='UTF-8'?>
  <record xmlns="http://www.loc.gov/MARC21/slim">
    <leader>00000cam a22000007i 4500</leader>
    <controlfield tag="001">ocm65733705</controlfield>
    <controlfield tag="003">OCoLC</controlfield>
    <controlfield tag="005">20251108140650.3</controlfield>
    <controlfield tag="008">900418s1748    ne            000 0 dut d</controlfield>
    <datafield tag="040" ind1=" " ind2=" ">
      <subfield code="a">NLGGC</subfield>
      <subfield code="b">dut</subfield>
      <subfield code="e">fobidrtb</subfield>
      <subfield code="c">NLGGC</subfield>
      <subfield code="d">OCLCO</subfield>
      <subfield code="d">OCLCA</subfield>
      <subfield code="d">OCLCL</subfield>
      <subfield code="d">OCLCQ</subfield>
    </datafield>
    <datafield tag="029" ind1="0" ind2=" ">
      <subfield code="a">NLGGC</subfield>
      <subfield code="b">084049286</subfield>
    </datafield>
    <datafield tag="035" ind1=" " ind2=" ">
      <subfield code="a">(OCoLC)65733705</subfield>
    </datafield>
    <datafield tag="041" ind1="1" ind2=" ">
      <subfield code="a">dut</subfield>
      <subfield code="h">lat</subfield>
    </datafield>
    <datafield tag="100" ind1="1" ind2=" ">
      <subfield code="a">Schultes, Johannes,</subfield>
      <subfield code="d">1595-1645.</subfield>
      <subfield code="1">https://id.oclc.org/worldcat/entity/E39PBJhGWrYPjhFw8PcrbQMpT3</subfield>
    </datafield>
    <datafield tag="245" ind1="1" ind2="4">
      <subfield code="a">Het vermeerderde wapenhuis der heel-meesters /</subfield>
      <subfield code="c">van D. Johannes Scultetus ... Waar in alle de kunstbewerkingen en afbeeldingen der werktuigen tot de heelkunst nodig, gevonden worden. Alsmede deszelfs aanmerkingen. En hondert heelkundige waarnemingen, verzamelt van Joh. Baptista van Lamzweerde ; Waar by gevoegt zijn twee aanhangzels over dezelve stof, en eenige aanmerkingen van Pieter Adriaanze Verduin ; Beneffens een kort begrip of te inleiding tot de chirurgie ; Alles na de laatste Latynsche druk in 't Neerduitsch vertaalt en vermeerdert door Gerardus Dicten.</subfield>
    </datafield>
    <datafield tag="260" ind1=" " ind2=" ">
      <subfield code="a">Te Amstelredamme :</subfield>
      <subfield code="b">by de Janssoons van Waesberge,</subfield>
      <subfield code="c">1748.</subfield>
    </datafield>
    <datafield tag="300" ind1=" " ind2=" ">
      <subfield code="a">2 dl. ([42], 1094, [84] p.) :</subfield>
      <subfield code="b">ill. ;</subfield>
      <subfield code="c">in-8.</subfield>
    </datafield>
    <datafield tag="336" ind1=" " ind2=" ">
      <subfield code="a">tekst</subfield>
      <subfield code="b">txt</subfield>
      <subfield code="2">rdacontent/dut</subfield>
    </datafield>
    <datafield tag="337" ind1=" " ind2=" ">
      <subfield code="a">zonder medium</subfield>
      <subfield code="b">n</subfield>
      <subfield code="2">rdamedia/dut</subfield>
    </datafield>
    <datafield tag="338" ind1=" " ind2=" ">
      <subfield code="a">band</subfield>
      <subfield code="b">nc</subfield>
      <subfield code="2">rdacarrier/dut</subfield>
    </datafield>
    <datafield tag="500" ind1=" " ind2=" ">
      <subfield code="a">Met gegraveerd titelblad.</subfield>
    </datafield>
    <datafield tag="530" ind1=" " ind2=" ">
      <subfield code="a">Titel is geselecteerd voor digitalisering voor de Universiteit van Amsterdam in het kader van het Google Books-project.</subfield>
    </datafield>
    <datafield tag="700" ind1="1" ind2=" ">
      <subfield code="a">Dicten, Gerard</subfield>
      <subfield code="q">(Gerardus),</subfield>
      <subfield code="d">1696-1770.</subfield>
      <subfield code="1">https://id.oclc.org/worldcat/entity/E39PCjvWfT6dgY9Rf3Kbyk48qP</subfield>
    </datafield>
    <datafield tag="700" ind1="1" ind2=" ">
      <subfield code="a">Verduin, Pieter Adriaensz,</subfield>
      <subfield code="d">1636-1696.</subfield>
      <subfield code="1">https://id.oclc.org/worldcat/entity/E39PCjBckMHtcBKKJyVVcthXQy</subfield>
    </datafield>
    <datafield tag="700" ind1="1" ind2=" ">
      <subfield code="a">Lamsweerde, Johannes Baptist,</subfield>
      <subfield code="d">fl. 1659-1692.</subfield>
    </datafield>
    <datafield tag="710" ind1="2" ind2=" ">
      <subfield code="a">Janssoons van Waesberge (Amsterdam)</subfield>
      <subfield code="4">prt</subfield>
      <subfield code="0">(NL-LeOCL)077139534</subfield>
    </datafield>
    <datafield tag="758" ind1=" " ind2=" ">
      <subfield code="a">Het vermeerderde wapenhuis der heelmeesters (Text)</subfield>
      <subfield code="1">https://id.oclc.org/worldcat/entity/E39PCGmPYWQdVPkC6Kwj7Q6dwC</subfield>
      <subfield code="4">https://id.oclc.org/worldcat/ontology/hasWork</subfield>
    </datafield>
    <datafield tag="776" ind1="0" ind2=" ">
      <subfield code="t">Het vermeerderde wapenhuis der heel-meesters</subfield>
      <subfield code="w">(NL-LeOCL)40177399X</subfield>
    </datafield>
    <datafield tag="776" ind1="0" ind2=" ">
      <subfield code="t">Het vermeerderde wapenhuis der heel-meesters</subfield>
      <subfield code="w">(NL-LeOCL)406972842</subfield>
    </datafield>
    <datafield tag="776" ind1="0" ind2=" ">
      <subfield code="t">Het vermeerderde wapenhuis der heel-meesters</subfield>
      <subfield code="w">(NL-LeOCL)406972850</subfield>
    </datafield>
    <datafield tag="936" ind1=" " ind2=" ">
      <subfield code="a">BATCHLOAD</subfield>
    </datafield>
  </record>